ˆ[‰Дирижирует] Джордж Сэлл (Запись № 13283530)

Подробности
000 -МАРКЕР
контрольное поле 03425njm0a22004451 4500
001 - ИДЕНТИФИКАТОР ЗАПИСИ
контрольное поле RU\NLR\ONIZ\219706
005 - ИДЕНТИФИКАТОР ВЕРСИИ
контрольное поле 20250708192802.0
035 ## - ДРУГИЕ СИСТЕМНЫЕ НОМЕРА
Идентификатор записи (NLR Aleph) 011535296
035 ## - ДРУГИЕ СИСТЕМНЫЕ НОМЕРА
Идентификатор записи RU\NLR\ONIZ\GALA\5000031336\20170922111646
071 00 - ИЗДАТЕЛЬСКИЙ НОМЕР
Номер, присвоенный агентством С10-17805-8
100 ## - ДАННЫЕ ОБЩЕЙ ОБРАБОТКИ
Данные общей обработки 20170922d1982 |||y0rusy50 ca
102 ## - СТРАНА ПУБЛИКАЦИИ ИЛИ ПРОИЗВОДСТВА
Страна публикации Российская Федерация
126 ## - ПОЛЕ КОДИРОВАННЫХ ДАННЫХ: ЗВУКОЗАПИСИ - ФИЗИЧЕСКИЕ ХАРАКТЕРИСТИКИ
Кодированные данные звукозаписи (общие) abuxexu ux
Кодированные данные звукозаписи (уточнения) xxx
127 ## - ПОЛЕ КОДИРОВАННЫХ ДАННЫХ: ПРОДОЛЖИТЕЛЬНОСТЬ ЗВУКОЗАПИСЕЙ И НОТНЫХ ИЗДАНИЙ (МУЗЫКАЛЬНОЕ ИСПОЛНЕНИЕ)
Продолжительность 000090
135 ## - ПОЛЕ КОДИРОВАННЫХ ДАННЫХ: ЭЛЕКТРОННЫЕ РЕСУРСЫ
Кодированные данные для электронного ресурса honoannnanndn
200 1# - ЗАГЛАВИЕ И СВЕДЕНИЯ ОБ ОТВЕТСТВЕННОСТИ
Основное заглавие ˆ[‰Дирижирует] Джордж Сэлл
Общее обозначение материала Звукозапись
Первые сведения об ответственности исполн.: Кливлендский симф. оркестр
210 ## - ПУБЛИКАЦИЯ, РАСПРОСТРАНЕНИЕ И ДР.
Место издания, распространения и т.д. М.
Имя издателя, распространителя и т. д. Мелодия
Дата издания, распространения и т.д. 1982
215 ## - ФИЗИЧЕСКАЯ ХАРАКТЕРИСТИКА
Специфическое обозначение материала и объем 2 грп.ГОСТ 5289-80](90 мин):33 об/мин, стерео; 30 см, в конв.
Сопроводительный материал коммент. в конв.
225 1# - СЕРИЯ
Основное заглавие серии Из сокровищницы мирового исполнительского искусства
300 ## - ОБЩИЕ ПРИМЕЧАНИЯ
Текст примечания (архивные записи 1950-60-х гг.)
327 1# - ПРИМЕЧАНИЯ О СОДЕРЖАНИИ
Текст примечания 1. Симфония № 1 : "Весенняя" : Си-бемоль маж. : соч. 38 / Р. Шуман ;
-- 2. Симфония № 3 : "Рейнская" : Ми-бемоль маж. : соч. 97 / Р. Шуман ;
-- 3. Симфония № 2 : До маж. : соч. 61 / Р. Шуман ;
-- 4. Симфония № 4 : ре мин. : соч. 120 / Р. Шуман
464 #0 - АНАЛИТИЧЕСКИЙ УРОВЕНЬ
Встроенное поле 2001#$aСимфония № 1$e"Весенняя"$eСи-бемоль маж.$eсоч. 38$fР. Шуман
-- 686##$aЩ951.1-040(4Г)$vLBC/SL$2rubbk
-- 700#1$9z01790$aШуман$bР.$gРоберт$f1810-1856$3RU\NLR\AUTH\7718177$4230
-- 790#1$9z01700$aSchumann$bR.$gRobert$f1810-1856$3RU\NLR\AUTH\7718177$4230
Заглавие Симфония № 1
Автор Шуман, Роберт (1810-1856)
464 #0 - АНАЛИТИЧЕСКИЙ УРОВЕНЬ
Встроенное поле 2001#$aСимфония № 2$eДо маж.$eсоч. 61$fР. Шуман
-- 686##$aЩ951.1-040(4Г)$vLBC/SL$2rubbk
-- 700#1$9z01790$aШуман$bР.$gРоберт$f1810-1856$3RU\NLR\AUTH\7718177$4230
-- 790#1$9z01700$aSchumann$bR.$gRobert$f1810-1856$3RU\NLR\AUTH\7718177$4230
Заглавие Симфония № 2
Автор Шуман, Роберт (1810-1856)
464 #0 - АНАЛИТИЧЕСКИЙ УРОВЕНЬ
Встроенное поле 2001#$aСимфония № 3$e"Рейнская"$eМи-бемоль маж.$eсоч. 97$fР. Шуман
-- 686##$aЩ951.1-040(4Г)$vLBC/SL$2rubbk
-- 700#1$9z01790$aШуман$bР.$gРоберт$f1810-1856$3RU\NLR\AUTH\7718177$4230
-- 790#1$9z01700$aSchumann$bR.$gRobert$f1810-1856$3RU\NLR\AUTH\7718177$4230
Заглавие Симфония № 3
Автор Шуман, Роберт (1810-1856)
464 #0 - АНАЛИТИЧЕСКИЙ УРОВЕНЬ
Встроенное поле 2001#$aСимфония № 4$eре мин.$eсоч. 120$fР. Шуман
-- 686##$aЩ951.1-040(4Г)$vLBC/SL$2rubbk
-- 700#1$9z01790$aШуман$bР.$gРоберт$f1810-1856$3RU\NLR\AUTH\7718177$4230
-- 790#1$9z01700$aSchumann$bR.$gRobert$f1810-1856$3RU\NLR\AUTH\7718177$4230
Заглавие Симфония № 4
Автор Шуман, Роберт (1810-1856)
606 1# - НАИМЕНОВАНИЕ ТЕМЫ КАК ПРЕДМЕТ
Наименование темы Исполнительское искусство дирижеры
Тематический подзаголовок Звукозапись
Географический подзаголовок США
Хронологический подзаголовок 20 в.
Код системы nlr_sh
686 ## - ИНДЕКСЫ ДРУГИХ КЛАССИФИКАЦИЙ
Индекс Щ951.1, 8(3)
Издание LBC/SL
Код системы
700 #1 - ИМЯ ЛИЦА - ПЕРВИЧНАЯ ОТВЕТСТВЕННОСТЬ
Системный номер авторитетной/нормативной записи z01790
Начальный элемент ввода Сэлл
Часть имени, кроме начального элемента ввода Д.
Даты 1897-1970
Расширение инициалов личного имени Джордж
Код отношения Композитор
712 02 - НАИМЕНОВАНИЕ ОРГАНИЗАЦИИ - ВТОРИЧНАЯ ОТВЕТСТВЕННОСТЬ
Начальный элемент ввода Кливлендский симфонический оркестр
Код отношения Исполнитель
790 #1 - ИМЯ ЛИЦА - АЛЬТЕРНАТИВНАЯ ФОРМА
Системный номер авторитетной/нормативной записи z01700
Начальный элемент ввода Szell
Часть имени, кроме начального элемента ввода G.
Даты 1897-1970
Расширение инициалов личного имени George
Код отношения Композитор
801 #0 - ИСТОЧНИК ЗАПИСИ
Страна Российская Федерация
Организация NLR
Дата составления 20170922
Правила каталогизации PSBO
801 #1 - ИСТОЧНИК ЗАПИСИ
Страна Российская Федерация
Организация NLR
Дата составления 20170922
Источник данных rusmarc
801 #2 - ИСТОЧНИК ЗАПИСИ
Страна Российская Федерация
Организация NLR
Дата составления 20170922
852 ## - МЕСТОНАХОЖДЕНИЕ И ШИФР ХРАНЕНИЯ
Идентификатор организации NLR
Наименование фонда или коллекции (Sub-Location Identifier) Мг
Шифр хранения (Call Number) 4050[I/31(1-2)]
Страна
Номер экземпляра 1
942 ## - ДОПОЛНИТЕЛЬНЫЕ ЭЛЕМЕНТЫ ЗАПИСИ (АБИС)
Тип экземпляра АБИС Звукозапись
980 ## - КОЛЛЕКЦИЯ
Название коллекции Национальная библиография
980 ## - КОЛЛЕКЦИЯ
Название коллекции Отдел нот и звукозаписей
Экземпляры
Тип экземпляра Дата поступления Библиотека постоянного хранения Библиотека текущего хранения Место хранения Шифр хранения Статус экземпляра
Звукозапись 22.09.2017 РНБ (Московский) РНБ (Московский) Фонд нот и звукозаписей 4050[I/31(1-2)] 4050[I/31(1-2)]